[Event "Klatovy op-B 23rd"]
[Site "Klatovy"]
[Date "2017.07.07"]
[Round "7"]
[White "Schille, Hannes"]
[Black "Dolejs, Jakub"]
[Result "1-0"]
[WhiteElo "1690"]
[BlackElo "1442"]
[PlyCount "55"]
[EventDate "2017.07.01"]
[EventType "swiss"]
[EventRounds "9"]
[EventCountry "CZE"]
[SourceTitle "EXT 2018"]
[Source "ChessBase"]
[SourceDate "2017.10.13"]
[SourceVersion "1"]
[SourceVersionDate "2017.10.13"]
[SourceQuality "1"]

1. d4 d5 2. c4 e6 3. Nf3 Nf6 4. Bg5 Nbd7 5. e3 c6 6. Nc3 Qa5 7. Bxf6 Nxf6 8. Qc2 Ne4 9. Bd3 Nxc3 10. bxc3 Bd6 11. 0-0 h6 12. Rfe1 0-0 13. Rab1 Re8 14. cxd5 exd5 15. h3 Be6 16. Rxb7 Rac8 17. Reb1 c5 18. R1b5 Qa3 19. dxc5 Bxc5 20. Rb3 Qa5 21. Nd4 Bb6 22. Nxe6 Rxe6 23. Bf5 Rce8 24. Bxe6 Rxe6 25. Rb8+ Bd8 26. R3b5 Qc7 27. Qb3 d4 28. Rxd8+ 1-0

[Event "Klatovy op-B 23rd"]
[Site "Klatovy"]
[Date "2017.07.05"]
[Round "5"]
[White "Velkoborsky, Tadeas"]
[Black "Dolejs, Jakub"]
[Result "0-1"]
[WhiteElo "1077"]
[BlackElo "1442"]
[PlyCount "150"]
[EventDate "2017.07.01"]
[EventType "swiss"]
[EventRounds "9"]
[EventCountry "CZE"]
[SourceTitle "EXT 2018"]
[Source "ChessBase"]
[SourceDate "2017.10.13"]
[SourceVersion "1"]
[SourceVersionDate "2017.10.13"]
[SourceQuality "1"]

1. e4 c5 2. Nf3 d6 3. Bc4 Nc6 4. 0-0 Bg4 5. d3 g6 6. h3 Bd7 7. Nc3 Bg7 8. Bg5 Nf6 9. Bxf6 Bxf6 10. Qd2 0-0 11. Qh6 Bg7 12. Qf4 Na5 13. Bd5 Bc6 14. Bxc6 Nxc6 15. Ng5 h6 16. Nf3 f5 17. exf5 Rxf5 18. Qg4 Qe8 19. Nh4 Rg5 20. Qe6+ Qf7 21. Qxf7+ Kxf7 22. Rae1 Nd4 23. Ne4 Rh5 24. c3 Rxh4 25. cxd4 Bxd4 26. b3 Rf8 27. Nd2 Ke8 28. Nf3 Rhf4 29. Nxd4 Rxd4 30. Re3 a5 31. Rfe1 Rf7 32. Re6 Rg7 33. R1e3 Kd7 34. Kh2 Rxd3 35. Rxd3 Kxe6 36. Re3+ Kd5 37. Kg3 Rf7 38. Rd3+ Ke4 39. Re3+ Kd4 40. a3 e5 41. a4 Rf4 42. h4 c4 43. bxc4 Kxc4 44. Ra3 Rd4 45. Kf3 Rd3+ 46. Rxd3 Kxd3 47. g4 d5 48. g5 h5 49. Kg3 d4 50. f4 exf4+ 51. Kxf4 Kc2 52. Ke5 d3 53. Kf6 d2 54. Kg7 d1Q 55. Kh6 Qd4 56. Kh7 Qxa4 57. Kh6 Qxh4 58. Kxg6 Qe4+ 59. Kxh5 Kd3 60. g6 Qxg6+ 61. Kxg6 a4 62. Kf6 a3 63. Ke7 a2 64. Kd7 a1R 65. Kc7 Kc4 66. Kxb7 Rd1 67. Kb6 Rd5 68. Kb7 Rc5 69. Ka6 Rb5 70. Ka7 Kc5 71. Ka6 Kc6 72. Ka7 Rb6 73. Ka8 Kc7 74. Ka7 Rh6 75. Ka8 Ra6# 0-1

[Event "CZE-chT U18 Extraliga West 1617"]
[Site "Czech Republic"]
[Date "2017.01.21"]
[Round "6.6"]
[White "Dolejs, Jakub"]
[Black "Hejsek, Lukas"]
[Result "0-1"]
[WhiteElo "1453"]
[BlackElo "1668"]
[PlyCount "86"]
[EventDate "2016.10.01"]
[EventType "team-tourn"]
[EventRounds "11"]
[EventCountry "CZE"]
[SourceTitle "EXT 2022"]
[Source "ChessBase"]
[SourceDate "2021.10.06"]
[SourceVersion "1"]
[SourceVersionDate "2021.10.06"]
[SourceQuality "1"]
[WhiteTeam "Praha Kobylisy U18"]
[BlackTeam "Praha Bohemians U18"]
[WhiteTeamCountry "CZE"]
[BlackTeamCountry "CZE"]

1. d4 c5 2. c3 e6 3. Nf3 Nf6 4. Nbd2 Nc6 5. e3 d5 6. b3 Be7 7. dxc5 Bxc5 8. Bb2 0-0 9. b4 Be7 10. Qc2 Bd7 11. Ng5 h6 12. Ngf3 Rc8 13. h4 Nxb4 14. Qd1 Nc6 15. Bd3 a6 16. Bb1 Qb6 17. Qc2 e5 18. c4 Nb4 19. Qb3 e4 20. Ne5 Qc7 21. Nxd7 Nxd7 22. Qc3 Nf6 23. g4 Rfd8 24. g5 d4 25. exd4 Nfd5 26. Qh3 Nf4 27. Qf5 Nfd3+ 28. Kf1 Nxb2 29. Bxe4 g6 30. Qg4 h5 31. Qf3 Nxc4 32. Nxc4 Qxc4+ 33. Kg2 Qe6 34. Kh2 Bd6+ 35. Kg2 Qg4+ 36. Qxg4 hxg4 37. Rab1 a5 38. a3 Nc2 39. Rxb7 Nxa3 40. Bd5 Rc7 41. Rb3 Bb4 42. Be4 Rxd4 43. Re1 Bxe1 0-1

[Event "Klatovy op-B 22nd"]
[Site "Klatovy"]
[Date "2016.07.04"]
[Round "3"]
[White "Ruzicka, Vaclav1111"]
[Black "Dolejs, Jakub"]
[Result "1/2-1/2"]
[WhiteElo "1649"]
[BlackElo "1086"]
[PlyCount "48"]
[EventDate "2016.07.02"]
[EventType "swiss"]
[EventRounds "9"]
[EventCountry "CZE"]
[SourceTitle "EXT 2019"]
[Source "ChessBase"]
[SourceDate "2018.10.10"]
[SourceVersion "1"]
[SourceVersionDate "2018.10.10"]
[SourceQuality "1"]

1. e4 c5 2. Nf3 Nc6 3. d4 cxd4 4. Nxd4 Nf6 5. Nc3 e5 6. Ndb5 d6 7. Bg5 a6 8. Na3 b5 9. Nd5 Be7 10. Bxf6 Bxf6 11. c4 b4 12. Nc2 a5 13. Qd3 Bg5 14. Be2 0-0 15. 0-0 Be6 16. Rfd1 Ra7 17. a3 bxa3 18. Rxa3 f5 19. Nde3 Bxe3 20. Nxe3 Nd4 21. exf5 Bxf5 22. Nxf5 Rxf5 23. Qe4 Raf7 24. f3 Qb6 1/2-1/2